Vista normal
Vista MARC
Entrada Personal Name
Número de registros utilizados en: 1
001 - CONTROL NUMBER
- control field: 2208
003 - CONTROL NUMBER IDENTIFIER
- control field: OSt
005 - DATE AND TIME OF LATEST TRANSACTION
- control field: 20200330160157.0
008 - FIXED-LENGTH DATA ELEMENTS
- fixed length control field: 200330|| aca||aabn | a|a d
040 ## - CATALOGING SOURCE
- Original cataloging agency: OSt
- Transcribing agency: OSt
100 ## - HEADING--PERSONAL NAME
- Personal name: Lozano Cleves, Alberto,
670 ## - SOURCE DATA FOUND
- Source citation: Work cat.: (OSt)4872: Lozano Cleves, Alberto, autor, Bolívar y la pulcritud administrativa / , 1983